000 00479nam a2200157 i 4500
001 63452
003 ES-MaACL
005 20230906164855.0
007 t|
008 031210s1965 sp ||||1| cat d
100 1 _aFerrer Garriga, Esteban.
_950465
245 1 0 _aEdicions d'aportació catalana
_b: promoció directiva /
_cEsteban Ferrer Garriga.
260 _aBarcelona :
_b[Mediterránea,
_c1965]
300 _a26 p. :
_bil. ;
_c22 cm.
852 _aES-MaACL
_j2050-F-23
_bR.58272
999 _c63452
_d63452